000 nam a22 7a 4500
999 _c48417
_d48417
003 OSt
005 20190713153146.0
008 190713b xxu||||| |||| 00| 0 eng d
040 _cIIMT UNIVERSITY
100 _aSHARMA SEEMA
245 _aHINDI SHISHAN
260 _aMEERUT
_bR LALBOOKDIPO.
_c2012
300 _a370
942 _2ddc
_c09